| 000 | 00837nam a2200253Ia 4500 | ||
|---|---|---|---|
| 003 | GCL | ||
| 008 | 140319s9999 xx 000 0 ara d | ||
| 020 | _a951201977 | ||
| 040 |
_aGCL / _cGCL |
||
| 082 | 0 | 4 |
_a245 _bع ف |
| 100 | 1 | _aعامر النجار | |
| 245 | 1 | 0 |
_aفى مذاهب الاسلاميين : _bالخوارج - الاباضية - الشيعة / _cعامر النجار |
| 260 |
_aالقاهرة : _bالهيئة المصرية العامة للكتاب ، _c2005 |
||
| 300 |
_a659 ص ؛ _c24 سم |
||
| 650 | 0 | 4 | _aالخوارج |
| 650 | 0 | 4 | _aالفرق الاسلامية |
| 650 | 0 | 4 | _aعقائد الشيعة |
| 650 | 0 | 4 | _aالشيعة |
| 650 | 0 | 4 | _aالاباضية |
| 650 | 0 | 4 | _aالامامة عند الشيعة |
| 650 | 0 | 4 | _aعقائد الخوارج |
| 650 | 0 | 4 | _aالازارقة |
| 942 |
_2ddc _cBK |
||
| 999 |
_c8710 _d8710 |
||